Générique Non-Non - Paroles - Statistiques

Statistiques générales
  • Ce quiz a été pris 12 fois
  • Le résultat moyen est 5 sur 8
Statistiques - réponses
Paroles % Correct
Non-Non c'est mon {nom}
100%
Je me pose des {questions}
92%
Je trouve des {solutions}
58%
Magaïveur et {moi}
50%
Grace à mes {compagnons}
42%
Il y a toujours de l'{action}
42%
On vit à l'{unisson}
42%
A Sous-Bois-les-{Bains}
33%
Aucun quiz correspondant
Distribution des résultats
% des personnes avec chaque résultat
Percentile par nombre de réponses
Votre historique - résultats
Vous n’avez pas pris ce quiz